000 00582nam a2200169Ia 4500
008 090711s9999 xx 000 0 und d
082 _b1632
100 _aबर्वे राजेंद्र
245 _aSाूकण्यापूर्वी
260 _bमनोविकास प्रकाशन
_c2000
300 _a56
600 _aबर्वे राजेंद्र
630 _aSाूकण्यापूर्वी
700 _aबर्वे राजेंद्र
730 _aSाूकण्यापूर्वी
942 _cBOOK
999 _c338668
_d338665